Peinture du XIXe et du XXe siècle - Statistiques

Statistiques générales
  • Ce quiz a été pris 102 fois
    96 depuis la dernière actualisation
  • Le résultat moyen est 12 sur 28
Statistiques - réponses
Courant artistique Œuvre majeur et/ou singularité Peintre % Correct
"La Liberté guidant le peuple" Inspiration contemporaine, couleur intense et expressivité. Delacroix
95%
Impressionnisme (1860 - 1890) "Impression, soleil levant" Peinture en série, étude de la lumière et touche vibrante. Monet
88%
"Le Déjeuner sur l'herbe" Aplats de couleur et sujet moderne. Manet
85%
Romantisme (1800 -1850) "Tres de Mayo" Dénonce la guerre et la violence et clair-obscur. Goya
82%
"Le Radeau de la Méduse" Emotion et tourment de l'âme. Géricault
77%
Cubisme (1905 -1915) "Les Demoiselles d'Avignon" Déconstruction des formes, points de vue multiples. Picasso
70%
"Le Déjeuner des canotiers" Couleur chaude, scène joyeuse et souvent féminine. Renoir
57%
Réalisme (1848 - 1865) "Un enterrement à Ornans" Refus de l'idéalisation, sujets ordinaires et affirmation du réel social. Courbet
55%
Danseuses, scènes modernes et mouvement. Degas
55%
Néoclassicisme (1750 - 1820) "La Grande Odalisque" Ligne pure, portraits et nus. Ingres
53%
Fauvisme (1905- 1910) "La danse" Primauté à la couleur, couleur et forme libéré. Matisse
53%
Pointillisme (1885 - 1910) "Un dimanche à la Grande Jatte" Division scientifique de la couleur. Seurat
43%
"Le sacre de Napoléon", "Napoléon franchissant le col du Saint-Bernard" Rigueur et peinture d'histoire. Jacques Louis David
41%
Couleur expressive, touche tourmentée et paysage Van Gogh
39%
Co-fondateur de l'école de Barbizon et représentation du labeur du monde paysan Millet
35%
Abstraction (1910 - ....) "Composition VIII" Abandon de la forme pour laisser place à la composition. Kandinsky
34%
Géométrisation et palette réduite. Braque
32%
Post-impressionnisme (1880 - 1910) Construction par la couleur et formes géométriques. Cézanne
28%
Représentation des polynésienne et chef de file de l'Ecole de Pont-Aven. Gaugin
24%
Paysage poétique, étude de la lumière et tons argentés. Corot
22%
Ecole de Barbizon (1830 - 1860) Paysage forestiers réaliste et observation directe de la nature. Rousseau
22%
Père de l'impressionnisme, ville rural et paysage. Pissaro
20%
Paysage marin, théoricien du pointillisme. Signac
19%
Couleur violente et paysage. Derain
15%
Expressionnisme (1905 - 1920) Groupe Die Brücke, déformation et tension. Kirchner
9%
Futurisme (1910 - 1920) Dynamisme, mouvement, vitesse et modernité. Boccioni
8%
Fauvisme radical, couleur brute, énergie et spontanéité. Vlaminck
5%
Figure humaine expressive et simplification formelle. Heckel
3%
Aucun quiz correspondant
Distribution des résultats
% des personnes avec chaque résultat
Percentile par nombre de réponses
Votre historique - résultats
Vous n’avez pas pris ce quiz depuis la dernière actualisation